Word Ladder: Gold Phrases Quiz Stats

 Plays Quiz Updated Jun 17, 2017

Support Sporcle.
Go Orange.
Score 0/29 Timer 04:00
0 Plays Today
Clue 5-Letter Word % Correct
Partner for BeautyBEAST
95.5%
Long term contract, as with a carLEASE
94.2%
SmallestLEAST
93.3%
To pursue, as with a wild gooseCHASE
92%
Brag or toutBOAST
91.9%
Timekeeping deviceCLOCK
91.9%
To stop or haltCEASE
90.4%
Australian city,
Gold _____
•COAST•
88.9%
Leather leggings for a cowboyCHAPS
86.9%
Listens toHEARS
86.2%
Magical object, used for good luckCHARM
86.2%
To prevent one from passingBLOCK
85.9%
Burns slightlyCHARS
85.8%
Deep pit or gorgeCHASM
85.2%
Department store; formerly paired with RoebuckSEARS
83.5%
Clue 5-Letter Word % Correct
Oil, slangily
_____ Gold
•BLACK•
82.9%
Popular casino dice gameCRAPS
82.7%
Neil Young classic,
_____ of Gold
•HEART•
81.7%
Lax, loose; to be lazy (with off)SLACK
80.6%
Large pile (or to arrange a deck of cards)STACK
80%
Stoneware storage containerCROCK
78.5%
Popular foam clogsCROCS
77.8%
Dallas's NHL teamSTARS
76.8%
Family of Eddard in Game of ThronesSTARK
75.4%
Coarse or unrefinedCRASS
64.7%
Famous Bryan speech,
_____ of Gold
•CROSS•
61.1%
Boscs and Anjous, e.g.PEARS
60.2%
Rush drummer NeilPEART
58%
David Bowie classic,
Golden _____
•YEARS•
48.2%

Today's Daily Dose

Word Ladder
New Dimensions!

Quick Pick
'Animal' Fish

Get the Picture
Bird or Food?

You're not logged in!

Compare scores with friends on all Sporcle quizzes.
OR
Log In
Forgot?

From the Vault

Pirates! Close-Up

by Hejman

We wish you a very scurvy 'Talk Like a Pirate' day!
Remove Ads.
Support Sporcle.
Get the best of Sporcle when you Go Orange. This ad-free experience offers more features, more stats, and more fun while also helping to support Sporcle. Thank you for becoming a member.

Show Comments

Extras

Top Quizzes Today


Score Distribution

Your Account Isn't Verified!

In order to create a playlist on Sporcle, you need to verify the email address you used during registration. Go to your Sporcle Settings to finish the process.

Report this User

Report this user for behavior that violates our Community Guidelines.

Details: